Mortgage banking : a handbook of strategies, trends, and opportunities /

Bibliographic Details
Other Authors: Lederman, Jess
Format: Book
Language:English
Published: Chicago, Ill. : Probus Pub. Co., [1989]
Subjects:

MARC

Tag First Indicator Second Indicator Subfields
LEADER 00000cam a22000008a 4500
001 in00000769430
005 20151017052949.0
008 890117s1989 ilua 00100 eng
010 |a  89003489  
020 |a 1557380317 :  |c $65.00 
035 |a (OCoLC)19126419 
035 |9 ADL2513AM 
040 |a DLC  |c DLC  |d TXA  |d UtOrBLW 
049 |a TXAM  |c [A11771386] 
050 0 0 |a HG2040  |b .M637 1989 
082 0 |a 332.3/2  |2 19 
245 0 0 |a Mortgage banking :  |b a handbook of strategies, trends, and opportunities /  |c editor, Jess Lederman. 
263 |a 8901 
264 1 |a Chicago, Ill. :  |b Probus Pub. Co.,  |c [1989] 
264 4 |c ©1989 
300 |a xiii, 573 pages :  |b illustrations 
336 |a text  |b txt  |2 rdacontent 
337 |a unmediated  |b n  |2 rdamedia 
338 |a volume  |b nc  |2 rdacarrier 
500 |a Includes index. 
650 0 |a Mortgage banks. 
650 0 |a Mortgage loans. 
700 1 |a Lederman, Jess. 
999 |a MARS 
999 f f |s 630402ef-5363-3b4b-9603-6920de93fe80  |i c2e62067-35be-35c2-a45c-78378fb1bfa9  |t 0 
952 f f |p ric  |a Texas A&M University  |b Rellis Campus  |c Joint Library Facility  |d Remote Storage  |t 0  |e HG2040 .M637 1989  |h Library of Congress classification  |i unmediated -- volume  |m A14811771386 
998 f f |a HG2040 .M637 1989  |t 0  |l Remote Storage